[Event "ODJM B 2023"]
[Site "Willingen GER"]
[Date "2023.05.31"]
[Round "5"]
[White "Schächtelin, Jakob"]
[Black "Holzwarth, Felix"]
[Result "0-1"]
[Termination "normal"]
[Board "15"]
[WhiteElo "1468"]
[BlackElo "1591"]
[WhiteClock "01:18:14"]
[BlackClock "01:06:20"]
[PlyCount "128"]
[WhiteFideId "34620834"]
[BlackFideId "34621377"]
[EventCountry "GER"]
[EventRounds "9"]
[EventType "swiss"]
[EventDate "2023.05.27"]

1. e4 {[%clk 01:30:59]} {[%emt 00:00:01]} e5 {[%clk 01:30:58]} {[%emt
00:00:02]} 2. Nf3 {[%clk 01:31:25]} {[%emt 00:00:04]} Nc6 {[%clk 01:31:24]}
{[%emt 00:00:04]} 3. Bc4 {[%clk 01:31:50]} {[%emt 00:00:05]} Bc5 {[%clk
01:31:50]} {[%emt 00:00:03]} 4. c3 {[%clk 01:32:17]} {[%emt 00:00:04]} Nf6
{[%clk 01:32:17]} {[%emt 00:00:04]} 5. d4 {[%clk 01:32:44]} {[%emt 00:00:03]}
exd4 {[%clk 01:32:42]} {[%emt 00:00:04]} 6. cxd4 {[%clk 01:33:11]} {[%emt
00:00:03]} Bb4+ {[%clk 01:33:05]} {[%emt 00:00:07]} 7. Nc3 {[%clk 01:33:38]}
{[%emt 00:00:03]} Nxe4 {[%clk 01:33:22]} {[%emt 00:00:13]} 8. O-O {[%clk
01:34:05]} {[%emt 00:00:04]} Bxc3 {[%clk 01:33:46]} {[%emt 00:00:06]} 9. d5
{[%clk 01:34:32]} {[%emt 00:00:02]} Bf6 {[%clk 01:33:30]} {[%emt 00:00:45]} 10.
Re1 {[%clk 01:34:56]} {[%emt 00:00:07]} Ne7 {[%clk 01:33:50]} {[%emt 00:00:10]}
11. Rxe4 {[%emt 00:00:05]} d6 {[%clk 01:34:13]} {[%emt 00:00:05]} 12. Bg5
{[%clk 01:35:50]} {[%emt 00:00:04]} Bxg5 {[%clk 01:34:23]} {[%emt 00:00:20]}
13. Nxg5 {[%clk 01:36:15]} {[%emt 00:00:04]} h6 {[%clk 01:34:46]} {[%emt
00:00:07]} 14. Qe2 {[%clk 01:36:40]} {[%emt 00:00:05]} hxg5 {[%clk 01:35:08]}
{[%emt 00:00:07]} 15. Re1 {[%clk 01:37:07]} {[%emt 00:00:04]} Be6 {[%clk
01:35:20]} {[%emt 00:00:17]} 16. dxe6 {[%clk 01:37:34]} {[%emt 00:00:04]} f6
{[%clk 01:35:39]} {[%emt 00:00:10]} 17. Re3 {[%clk 01:38:01]} {[%emt 00:00:04]}
d5 {[%clk 01:35:06]} {[%emt 00:01:03]} 18. Rh3 {[%clk 01:35:12]} {[%emt
00:03:18]} Rxh3 {[%clk 01:33:51]} {[%emt 00:01:46]} 19. gxh3 {[%clk 01:35:38]}
{[%emt 00:00:05]} g6 {[%clk 01:33:46]} {[%emt 00:00:35]} 20. Bd3 {[%clk
01:33:18]} {[%emt 00:02:49]} Kf8 {[%clk 01:27:11]} {[%emt 00:07:05]} 21. h4
{[%clk 01:25:09]} {[%emt 00:08:38]} gxh4 {[%clk 01:26:31]} {[%emt 00:01:11]}
22. Qg4 {[%clk 01:25:31]} {[%emt 00:00:08]} Kg7 {[%clk 01:26:50]} {[%emt
00:00:11]} 23. Qxh4 {[%clk 01:25:43]} {[%emt 00:00:18]} Qh8 {[%clk 01:27:13]}
{[%emt 00:00:07]} 24. Qg3 {[%clk 01:24:49]} {[%emt 00:01:23]} Qd8 {[%clk
01:23:46]} {[%emt 00:03:57]} 25. Kh1 {[%clk 01:23:28]} {[%emt 00:01:51]} Qd6
{[%clk 01:23:15]} {[%emt 00:01:02]} 26. Qg4 {[%clk 01:22:39]} {[%emt 00:01:19]}
Rh8 {[%clk 01:23:09]} {[%emt 00:00:35]} 27. h3 {[%clk 01:23:01]} {[%emt
00:00:08]} d4 {[%clk 01:22:14]} {[%emt 00:01:26]} 28. Rg1 {[%clk 01:22:08]}
{[%emt 00:01:22]} Qd5+ {[%clk 01:21:54]} {[%emt 00:00:49]} 29. Kh2 {[%clk
01:20:07]} {[%emt 00:02:32]} Qh5 {[%clk 01:16:53]} {[%emt 00:05:32]} 30. Qg3
{[%clk 01:18:32]} {[%emt 00:02:05]} Qe5 {[%clk 01:10:42]} {[%emt 00:06:41]} 31.
f4 {[%clk 01:16:08]} {[%emt 00:02:53]} Qe3 {[%clk 01:05:45]} {[%emt 00:05:28]}
32. Qxe3 {[%clk 01:15:36]} {[%emt 00:01:02]} dxe3 {[%clk 01:06:13]} {[%emt
00:00:02]} 33. Rg3 {[%clk 01:15:05]} {[%emt 00:01:00]} Rh4 {[%clk 01:04:07]}
{[%emt 00:02:36]} 34. f5 {[%emt 00:01:38]} Rd4 {[%clk 01:04:21]} 35. Rxe3
{[%clk 01:14:05]} {[%emt 00:00:39]} gxf5 {[%clk 01:04:18]} {[%emt 00:00:32]}
36. Bxf5 {[%clk 01:13:30]} {[%emt 00:01:05]} Rd2+ {[%clk 01:03:17]} {[%emt
00:01:32]} 37. Kg1 {[%clk 01:13:43]} {[%emt 00:00:16]} Nxf5 {[%clk 01:03:10]}
{[%emt 00:00:38]} 38. e7 {[%clk 01:14:07]} {[%emt 00:00:05]} Nxe7 {[%clk
01:03:36]} {[%emt 00:00:05]} 39. Rxe7+ {[%clk 01:14:33]} {[%emt 00:00:04]} Kg6
{[%clk 01:03:37]} {[%emt 00:00:29]} 40. Rxc7 {[%clk 01:14:58]} {[%emt
00:00:05]} Rxb2 {[%clk 01:04:01]} {[%emt 00:00:06]} 41. Kh1 {[%clk 01:14:50]}
{[%emt 00:00:37]} a5 {[%clk 01:04:16]} {[%emt 00:00:16]} 42. a4 {[%clk
01:15:00]} {[%emt 00:00:20]} f5 {[%clk 01:03:51]} {[%emt 00:00:55]} 43. Rc4
{[%clk 01:15:17]} {[%emt 00:00:13]} Rb4 {[%clk 01:03:49]} {[%emt 00:00:31]} 44.
Rc7 {[%clk 01:15:38]} {[%emt 00:00:09]} Rxa4 {[%clk 01:04:09]} {[%emt
00:00:11]} 45. Rxb7 {[%clk 01:16:04]} {[%emt 00:00:04]} Ra2 {[%clk 01:04:34]}
{[%emt 00:00:05]} 46. Ra7 {[%clk 01:16:21]} {[%emt 00:00:12]} Kg5 {[%clk
01:04:42]} {[%emt 00:00:20]} 47. Rf7 {[%clk 01:16:30]} {[%emt 00:00:24]} Kg6
{[%clk 01:04:43]} {[%emt 00:00:28]} 48. Ra7 {[%clk 01:16:51]} {[%emt 00:00:09]}
a4 {[%clk 01:04:55]} {[%emt 00:00:19]} 49. Ra5 {[%clk 01:17:13]} {[%emt
00:00:08]} a3 {[%clk 01:04:55]} {[%emt 00:00:30]} 50. h4 {[%clk 01:17:39]}
{[%emt 00:00:05]} Kh5 {[%clk 01:03:29]} {[%emt 00:01:56]} 51. Rxf5+ {[%clk
01:18:03]} {[%emt 00:00:06]} Kxh4 {[%clk 01:03:49]} {[%emt 00:00:09]} 52. Ra5
{[%clk 01:17:08]} {[%emt 00:01:25]} Kg3 {[%clk 01:04:06]} {[%emt 00:00:10]} 53.
Rg5+ {[%clk 01:17:31]} {[%emt 00:00:10]} Kf4 {[%clk 01:04:31]} {[%emt
00:00:04]} 54. Ra5 {[%clk 01:17:57]} {[%emt 00:00:05]} Ke3 {[%clk 01:04:56]}
{[%emt 00:00:05]} 55. Kg1 {[%clk 01:18:22]} {[%emt 00:00:05]} Kd3 {[%clk
01:05:15]} {[%emt 00:00:11]} 56. Kf1 {[%clk 01:18:46]} {[%emt 00:00:06]} Kc3
{[%clk 01:05:03]} {[%emt 00:00:42]} 57. Ke1 {[%clk 01:19:08]} {[%emt 00:00:08]}
Ra1+ {[%clk 01:05:09]} {[%emt 00:00:24]} 58. Ke2 {[%clk 01:19:28]} {[%emt
00:00:09]} a2 {[%clk 01:05:11]} {[%emt 00:00:29]} 59. Ra3+ {[%clk 01:19:01]}
{[%emt 00:00:57]} Kb4 {[%clk 01:05:16]} {[%emt 00:00:25]} 60. Ra8 {[%clk
01:19:00]} {[%emt 00:00:32]} Rh1 {[%clk 01:05:26]} {[%emt 00:00:19]} 61. Rb8+
{[%clk 01:19:15]} {[%emt 00:00:15]} Kc5 {[%clk 01:05:05]} {[%emt 00:00:48]} 62.
Rc8+ {[%clk 01:19:33]} {[%emt 00:00:15]} Kb6 {[%clk 01:05:31]} {[%emt
00:00:04]} 63. Ra8 {[%clk 01:17:54]} {[%emt 00:02:09]} a1=Q {[%clk 01:05:54]}
{[%emt 00:00:07]} 64. Rxa1 {[%clk 01:18:14]} {[%emt 00:00:10]} Rxa1 {[%clk
01:06:20]} {[%emt 00:00:04]} 0-1

[Event "ODJM B 2023"]
[Site "Willingen GER"]
[Date "2023.05.31"]
[Round "5"]
[White "Eitel, Luc"]
[Black "Glotz, Richard"]
[Result "0-1"]
[Termination "normal"]
[Board "16"]
[WhiteElo "1424"]
[BlackElo "1591"]
[WhiteClock "00:15:42"]
[BlackClock "00:09:49"]
[PlyCount "64"]
[WhiteFideId "16299728"]
[BlackFideId "34601520"]
[EventCountry "GER"]
[EventRounds "9"]
[EventType "swiss"]
[EventDate "2023.05.27"]

1. e4 {[%clk 01:30:58]} c5 {[%clk 01:30:54]} {[%emt 00:00:07]} 2. Nf3 {[%clk
01:31:22]} {[%emt 00:00:06]} Nc6 {[%clk 01:31:18]} {[%emt 00:00:07]} 3. d4
{[%clk 01:31:48]} {[%emt 00:00:03]} cxd4 {[%clk 01:31:38]} {[%emt 00:00:10]} 4.
Nxd4 {[%clk 01:32:15]} {[%emt 00:00:03]} g6 {[%clk 01:31:54]} {[%emt 00:00:14]}
5. c4 {[%clk 01:32:39]} {[%emt 00:00:06]} Bg7 {[%clk 01:32:20]} {[%emt
00:00:05]} 6. Be3 {[%clk 01:33:04]} {[%emt 00:00:04]} Nf6 {[%clk 01:32:40]}
{[%emt 00:00:10]} 7. Nc3 {[%clk 01:33:25]} {[%emt 00:00:10]} O-O {[%clk
01:33:02]} {[%emt 00:00:08]} 8. Be2 {[%clk 01:33:44]} {[%emt 00:00:10]} d6
{[%clk 01:33:24]} {[%emt 00:00:08]} 9. O-O {[%clk 01:33:58]} {[%emt 00:00:15]}
Nxd4 {[%clk 01:33:48]} {[%emt 00:00:07]} 10. Bxd4 {[%clk 01:34:07]} {[%emt
00:00:22]} Bd7 {[%clk 01:34:10]} {[%emt 00:00:07]} 11. Qd2 {[%clk 01:34:00]}
{[%emt 00:00:37]} Bc6 {[%clk 01:34:31]} {[%emt 00:00:09]} 12. f3 {[%clk
01:34:18]} {[%emt 00:00:11]} a5 {[%clk 01:34:49]} {[%emt 00:00:13]} 13. b3
{[%clk 01:34:19]} {[%emt 00:00:29]} Nd7 {[%clk 01:35:12]} {[%emt 00:00:07]} 14.
Bf2 {[%clk 01:33:56]} {[%emt 00:00:53]} Nc5 {[%clk 01:30:05]} {[%emt 00:05:37]}
15. Rab1 {[%clk 01:33:50]} {[%emt 00:00:36]} Qb6 {[%clk 01:22:00]} {[%emt
00:08:35]} 16. Rfc1 {[%clk 01:28:56]} {[%emt 00:05:24]} Rfc8 {[%clk 01:20:57]}
{[%emt 00:01:33]} 17. Nb5 {[%clk 01:23:40]} {[%emt 00:05:47]} Qd8 {[%clk
01:14:48]} {[%emt 00:06:39]} 18. Kh1 {[%clk 01:17:51]} {[%emt 00:06:18]} Qf8
{[%clk 01:06:30]} {[%emt 00:08:47]} 19. Be3 {[%clk 01:16:36]} {[%emt 00:01:45]}
h5 {[%clk 01:05:30]} {[%emt 00:01:30]} 20. Nd4 {[%clk 01:08:15]} {[%emt
00:08:50]} Kh7 {[%clk 01:01:32]} {[%emt 00:04:30]} 21. a3 {[%clk 01:05:58]}
{[%emt 00:02:47]} Bh6 {[%clk 00:56:11]} {[%emt 00:05:50]} 22. b4 {[%clk
00:58:20]} {[%emt 00:08:09]} axb4 {[%clk 00:49:26]} {[%emt 00:07:15]} 23. axb4
{[%clk 00:58:19]} {[%emt 00:00:31]} Na4 {[%clk 00:41:04]} {[%emt 00:08:51]} 24.
Nxc6 {[%clk 00:46:32]} {[%emt 00:12:17]} Bxe3 {[%clk 00:39:11]} {[%emt
00:02:24]} 25. Qxe3 {[%clk 00:45:20]} {[%emt 00:01:42]} Rxc6 {[%clk 00:35:44]}
{[%emt 00:03:56]} 26. c5 {[%clk 00:43:52]} {[%emt 00:01:59]} dxc5 {[%clk
00:33:28]} {[%emt 00:02:46]} 27. bxc5 {[%clk 00:42:20]} {[%emt 00:02:02]} Qc8
{[%clk 00:23:29]} {[%emt 00:10:29]} 28. Qb3 {[%clk 00:37:47]} {[%emt 00:05:01]}
Kg7 {[%clk 00:20:02]} {[%emt 00:03:59]} 29. Qxb7 {[%clk 00:34:40]} {[%emt
00:03:36]} Rxc5 {[%clk 00:12:54]} {[%emt 00:07:38]} 30. Rxc5 {[%clk 00:29:43]}
{[%emt 00:05:27]} Nxc5 {[%clk 00:13:13]} {[%emt 00:00:12]} 31. Qxe7 {[%clk
00:21:28]} {[%emt 00:08:44]} Ne6 {[%clk 00:09:49]} {[%emt 00:03:54]} 32. Qb7
{[%clk 00:15:42]} Qxb7 {[%clk 00:09:49]} 0-1

[Event "ODJM B 2023"]
[Site "Willingen GER"]
[Date "2023.05.31"]
[Round "5"]
[White "Link, Moritz"]
[Black "Retzlaff, Kian"]
[Result "1-0"]
[Termination "normal"]
[Board "17"]
[WhiteElo "1589"]
[BlackElo "1663"]
[WhiteClock "00:36:32"]
[BlackClock "00:11:12"]
[PlyCount "75"]
[WhiteFideId "34605924"]
[BlackFideId "34606700"]
[EventCountry "GER"]
[EventRounds "9"]
[EventType "swiss"]
[EventDate "2023.05.27"]

1. e4 {[%clk 01:30:57]} {[%emt 00:00:03]} c5 {[%clk 01:30:55]} {[%emt
00:00:06]} 2. Nf3 {[%clk 01:31:23]} {[%emt 00:00:04]} Nc6 {[%clk 01:31:18]}
{[%emt 00:00:06]} 3. d4 {[%clk 01:31:46]} {[%emt 00:00:08]} cxd4 {[%clk
01:31:43]} {[%emt 00:00:04]} 4. Nxd4 {[%clk 01:32:15]} {[%emt 00:00:02]} Nf6
{[%clk 01:32:06]} {[%emt 00:00:06]} 5. Nc3 {[%clk 01:32:37]} {[%emt 00:00:09]}
e5 {[%clk 01:32:22]} {[%emt 00:00:13]} 6. Ndb5 {[%clk 01:32:16]} {[%emt
00:00:51]} d6 {[%clk 01:32:31]} {[%emt 00:00:21]} 7. Nd5 {[%clk 01:32:03]}
{[%emt 00:00:44]} Nxd5 {[%clk 01:32:36]} {[%emt 00:00:24]} 8. exd5 {[%clk
01:32:32]} {[%emt 00:00:02]} Nb8 {[%clk 01:32:59]} {[%emt 00:00:07]} 9. a4
{[%clk 01:32:41]} {[%emt 00:00:22]} Be7 {[%clk 01:24:59]} {[%emt 00:08:29]} 10.
Be2 {[%clk 01:33:02]} {[%emt 00:00:09]} O-O {[%clk 01:22:07]} {[%emt 00:03:21]}
11. Bd2 {[%clk 01:31:42]} {[%emt 00:01:50]} f5 {[%clk 01:17:26]} {[%emt
00:05:10]} 12. O-O {[%clk 01:28:41]} {[%emt 00:03:32]} Nd7 {[%clk 01:09:09]}
{[%emt 00:08:47]} 13. a5 {[%clk 01:18:38]} {[%emt 00:10:34]} Kh8 {[%clk
00:55:42]} {[%emt 00:13:56]} 14. f4 {[%clk 01:15:10]} {[%emt 00:03:58]} Rg8
{[%clk 00:49:00]} {[%emt 00:07:12]} 15. Bb4 {[%clk 01:05:52]} {[%emt 00:09:48]}
Nf6 {[%clk 00:47:17]} {[%emt 00:02:12]} 16. fxe5 {[%clk 01:05:55]} {[%emt
00:00:29]} dxe5 {[%clk 00:46:55]} {[%emt 00:00:51]} 17. d6 {[%clk 01:05:57]}
{[%emt 00:00:29]} Bf8 {[%clk 00:46:58]} {[%emt 00:00:25]} 18. Bc4 {[%clk
01:06:03]} {[%emt 00:00:25]} Ng4 {[%clk 00:44:32]} {[%emt 00:02:55]} 19. Qd5
{[%clk 00:59:57]} {[%emt 00:06:38]} Nf6 {[%clk 00:42:32]} {[%emt 00:02:29]} 20.
Qxe5 {[%clk 00:59:56]} {[%emt 00:00:32]} Ng4 {[%clk 00:41:16]} {[%emt
00:01:45]} 21. Qd4 {[%clk 00:54:08]} {[%emt 00:06:17]} a6 {[%clk 00:35:56]}
{[%emt 00:05:51]} 22. Nc7 {[%clk 00:50:24]} {[%emt 00:04:14]} Be7 {[%clk
00:35:42]} {[%emt 00:00:44]} 23. Bxg8 {[%clk 00:45:21]} {[%emt 00:05:33]} Bf6
{[%clk 00:34:00]} {[%emt 00:02:12]} 24. Qc5 {[%clk 00:45:24]} {[%emt 00:00:27]}
Be5 {[%clk 00:29:08]} {[%emt 00:05:20]} 25. h3 {[%clk 00:42:56]} {[%emt
00:03:00]} Qh4 {[%clk 00:26:03]} {[%emt 00:03:35]} 26. Rae1 {[%clk 00:40:15]}
{[%emt 00:03:11]} Qg3 {[%clk 00:11:44]} {[%emt 00:14:49]} 27. Rf3 {[%clk
00:40:03]} {[%emt 00:00:42]} Qh2+ {[%clk 00:11:30]} {[%emt 00:00:44]} 28. Kf1
{[%clk 00:40:20]} {[%emt 00:00:14]} Qh1+ {[%clk 00:11:36]} {[%emt 00:00:24]}
29. Qg1 {[%clk 00:39:41]} {[%emt 00:01:08]} Nh2+ {[%clk 00:11:26]} {[%emt
00:00:40]} 30. Ke2 {[%clk 00:39:56]} {[%emt 00:00:15]} Qxg1 {[%clk 00:11:28]}
{[%emt 00:00:28]} 31. Rxg1 {[%clk 00:40:24]} {[%emt 00:00:02]} Nxf3 {[%clk
00:11:43]} {[%emt 00:00:15]} 32. Kxf3 {[%clk 00:40:32]} {[%emt 00:00:23]} Rb8
{[%clk 00:11:23]} {[%emt 00:00:50]} 33. Re1 {[%clk 00:40:22]} {[%emt 00:00:40]}
Bxd6 {[%clk 00:10:37]} {[%emt 00:01:16]} 34. Bxd6 {[%clk 00:35:11]} {[%emt
00:05:41]} Kxg8 {[%clk 00:10:52]} {[%emt 00:00:14]} 35. Re8+ {[%clk 00:35:30]}
{[%emt 00:00:11]} Kf7 {[%clk 00:11:06]} {[%emt 00:00:16]} 36. Rf8+ {[%clk
00:35:49]} {[%emt 00:00:11]} Kg6 {[%clk 00:11:18]} {[%emt 00:00:17]} 37. Nd5
{[%clk 00:36:12]} {[%emt 00:00:08]} Ra8 {[%clk 00:11:12]} {[%emt 00:00:37]} 38.
Nb6 {[%clk 00:36:32]} {[%emt 00:00:10]} 1-0

[Event "ODJM B 2023"]
[Site "Willingen GER"]
[Date "2023.05.31"]
[Round "5"]
[White "Götz, Timon"]
[Black "Schöne, Finn"]
[Result "1-0"]
[Termination "normal"]
[Board "19"]
[WhiteElo "1570"]
[BlackElo "1411"]
[WhiteClock "00:16:21"]
[BlackClock "00:14:00"]
[PlyCount "139"]
[WhiteFideId "16245040"]
[BlackFideId "34623493"]
[EventCountry "GER"]
[EventRounds "9"]
[EventType "swiss"]
[EventDate "2023.05.27"]

1. c4 {[%clk 01:30:56]} {[%emt 00:00:03]} e6 {[%clk 01:30:58]} {[%emt
00:00:03]} 2. g3 {[%clk 01:31:17]} {[%emt 00:00:09]} d5 {[%clk 01:31:19]}
{[%emt 00:00:08]} 3. Bg2 {[%clk 01:31:39]} {[%emt 00:00:07]} c6 {[%clk
01:31:42]} {[%emt 00:00:09]} 4. Nf3 {[%clk 01:31:51]} {[%emt 00:00:17]} f5
{[%clk 01:30:14]} {[%emt 00:01:58]} 5. O-O {[%clk 01:31:18]} {[%emt 00:01:03]}
Nf6 {[%clk 01:30:20]} {[%emt 00:00:25]} 6. d3 {[%clk 01:31:08]} {[%emt
00:00:39]} Bc5 {[%clk 01:28:47]} {[%emt 00:02:04]} 7. Qc2 {[%clk 01:28:04]}
{[%emt 00:03:34]} Nbd7 {[%clk 01:19:02]} {[%emt 00:10:14]} 8. a3 {[%clk
01:26:57]} {[%emt 00:01:37]} O-O {[%clk 01:17:41]} {[%emt 00:01:50]} 9. b4
{[%clk 01:26:48]} {[%emt 00:00:40]} Bb6 {[%clk 01:17:49]} {[%emt 00:00:13]} 10.
e4 {[%clk 01:26:16]} {[%emt 00:01:11]} fxe4 {[%clk 01:15:06]} {[%emt 00:03:14]}
11. dxe4 {[%clk 01:24:59]} {[%emt 00:01:47]} Nxe4 {[%clk 01:14:54]} {[%emt
00:00:42]} 12. c5 {[%clk 01:24:45]} {[%emt 00:00:44]} Bc7 {[%clk 01:15:14]}
{[%emt 00:00:10]} 13. Nc3 {[%clk 01:24:50]} {[%emt 00:00:25]} Ndf6 {[%clk
01:13:04]} {[%emt 00:02:40]} 14. Ng5 {[%clk 01:16:55]} {[%emt 00:08:24]} Nxc3
{[%clk 01:08:05]} {[%emt 00:05:29]} 15. Qxc3 {[%clk 01:17:09]} {[%emt
00:00:16]} e5 {[%clk 01:07:43]} {[%emt 00:00:53]} 16. Qb3 {[%clk 01:10:50]}
{[%emt 00:06:48]} h6 {[%clk 01:00:47]} {[%emt 00:07:26]} 17. Nf3 {[%clk
01:08:57]} {[%emt 00:02:24]} Bf5 {[%clk 01:00:34]} {[%emt 00:00:43]} 18. Re1
{[%clk 01:07:46]} {[%emt 00:01:40]} e4 {[%clk 00:48:45]} {[%emt 00:12:19]} 19.
Nd4 {[%clk 01:06:41]} {[%emt 00:01:34]} Bh7 {[%clk 00:47:11]} {[%emt 00:02:05]}
20. Ne6 {[%clk 01:05:02]} {[%emt 00:02:09]} Qe7 {[%clk 00:47:27]} {[%emt
00:00:15]} 21. Nxf8 {[%clk 01:04:46]} {[%emt 00:00:46]} Rxf8 {[%clk 00:47:55]}
{[%emt 00:00:02]} 22. Be3 {[%clk 01:04:13]} {[%emt 00:01:02]} Be5 {[%clk
00:47:48]} {[%emt 00:00:37]} 23. Rad1 {[%clk 01:03:44]} {[%emt 00:00:58]} Kh8
{[%clk 00:46:33]} {[%emt 00:01:46]} 24. b5 {[%clk 00:55:02]} {[%emt 00:09:13]}
d4 {[%clk 00:29:30]} {[%emt 00:17:32]} 25. Bxd4 {[%clk 00:40:46]} {[%emt
00:14:46]} Bxd4 {[%clk 00:29:53]} {[%emt 00:00:07]} 26. Rxd4 {[%clk 00:41:08]}
{[%emt 00:00:08]} Qxc5 {[%clk 00:30:09]} {[%emt 00:00:14]} 27. Qb4 {[%clk
00:41:16]} {[%emt 00:00:22]} Qxb4 {[%clk 00:29:25]} {[%emt 00:01:15]} 28. Rxb4
{[%clk 00:41:33]} {[%emt 00:00:13]} c5 {[%clk 00:29:04]} {[%emt 00:00:51]} 29.
Ra4 {[%clk 00:39:17]} {[%emt 00:02:45]} Ra8 {[%emt 00:03:51]} 30. f3 {[%clk
00:36:35]} {[%emt 00:03:12]} Nd5 {[%clk 00:23:58]} {[%emt 00:02:16]} 31. fxe4
{[%clk 00:31:50]} {[%emt 00:05:14]} Nc3 {[%clk 00:24:20]} {[%emt 00:00:09]} 32.
Rc4 {[%clk 00:32:02]} {[%emt 00:00:17]} Nxb5 {[%clk 00:23:29]} {[%emt
00:01:22]} 33. a4 {[%clk 00:32:04]} {[%emt 00:00:27]} Nd6 {[%clk 00:23:39]}
{[%emt 00:00:20]} 34. Rxc5 {[%clk 00:31:30]} {[%emt 00:01:04]} Re8 {[%clk
00:23:16]} {[%emt 00:00:54]} 35. e5 {[%clk 00:30:21]} {[%emt 00:01:38]} b6
{[%clk 00:23:19]} {[%emt 00:00:28]} 36. Rc7 {[%clk 00:29:35]} {[%emt 00:01:15]}
a5 {[%clk 00:22:29]} {[%emt 00:01:20]} 37. Bc6 {[%clk 00:28:06]} {[%emt
00:01:59]} Re6 {[%clk 00:22:20]} {[%emt 00:00:40]} 38. Bd7 {[%clk 00:26:33]}
{[%emt 00:02:03]} Re7 {[%clk 00:21:24]} {[%emt 00:01:25]} 39. e6 {[%clk
00:26:53]} {[%emt 00:00:10]} Ne8 {[%clk 00:19:21]} {[%emt 00:02:33]} 40. Rc8
{[%clk 00:26:20]} {[%emt 00:01:03]} Bg6 {[%emt 00:00:04]} 41. Rb8 {[%clk
00:26:14]} {[%emt 00:00:34]} Kh7 {[%emt 00:01:00]} 42. Rxb6 {[%clk 00:25:43]}
{[%emt 00:01:00]} Nf6 {[%clk 00:19:39]} {[%emt 00:00:11]} 43. Bb5 {[%clk
00:22:13]} {[%emt 00:03:59]} Nd5 {[%clk 00:18:48]} {[%emt 00:01:22]} 44. Ra6
{[%clk 00:18:34]} {[%emt 00:04:09]} Bf5 {[%clk 00:17:20]} {[%emt 00:01:58]} 45.
Rxa5 {[%clk 00:17:07]} {[%emt 00:01:58]} Rxe6 {[%clk 00:14:47]} {[%emt
00:03:03]} 46. Rxe6 {[%clk 00:16:30]} {[%emt 00:01:06]} Bxe6 {[%clk 00:15:16]}
{[%emt 00:00:02]} 47. Bc4 {[%clk 00:16:40]} {[%emt 00:00:19]} Nc7 {[%clk
00:15:45]} {[%emt 00:00:01]} 48. Bxe6 {[%clk 00:15:57]} {[%emt 00:01:13]} Nxe6
{[%clk 00:16:11]} {[%emt 00:00:05]} 49. Rb5 {[%clk 00:14:58]} {[%emt 00:01:29]}
Kg6 {[%clk 00:16:14]} {[%emt 00:00:27]} 50. Rb6 {[%clk 00:12:06]} {[%emt
00:03:22]} Kf5 {[%clk 00:14:33]} {[%emt 00:02:10]} 51. Rxe6 {[%clk 00:12:01]}
{[%emt 00:00:36]} Kxe6 {[%clk 00:14:56]} {[%emt 00:00:07]} 52. Kf2 {[%clk
00:12:13]} {[%emt 00:00:18]} Kd5 {[%clk 00:15:19]} {[%emt 00:00:07]} 53. Kf3
{[%clk 00:12:11]} {[%emt 00:00:31]} Kc5 {[%clk 00:14:28]} {[%emt 00:01:21]} 54.
Kf4 {[%clk 00:11:57]} {[%emt 00:00:44]} Kb4 {[%clk 00:12:42]} {[%emt 00:02:16]}
55. Kf5 {[%clk 00:12:18]} {[%emt 00:00:09]} Kxa4 {[%clk 00:12:43]} {[%emt
00:00:28]} 56. Kg6 {[%clk 00:12:33]} {[%emt 00:00:15]} Kb4 {[%clk 00:13:06]}
{[%emt 00:00:08]} 57. g4 {[%clk 00:12:34]} {[%emt 00:00:29]} Kc5 {[%clk
00:12:51]} {[%emt 00:00:45]} 58. Kxg7 {[%clk 00:12:57]} {[%emt 00:00:07]} Kd6
{[%clk 00:12:29]} {[%emt 00:00:52]} 59. Kxh6 {[%clk 00:13:20]} {[%emt
00:00:06]} Ke6 {[%clk 00:12:23]} {[%emt 00:00:37]} 60. Kg7 {[%clk 00:13:34]}
{[%emt 00:00:17]} Ke5 {[%clk 00:12:25]} {[%emt 00:00:28]} 61. h4 {[%clk
00:13:45]} {[%emt 00:00:17]} Kf4 {[%clk 00:12:49]} {[%emt 00:00:07]} 62. h5
{[%clk 00:13:57]} {[%emt 00:00:18]} Kg5 {[%clk 00:13:13]} {[%emt 00:00:06]} 63.
h6 {[%clk 00:14:19]} {[%emt 00:00:08]} Kxg4 {[%clk 00:13:40]} {[%emt 00:00:03]}
64. h7 {[%clk 00:14:44]} {[%emt 00:00:05]} Kf5 {[%emt 00:00:06]} 65. h8=Q
{[%clk 00:15:07]} {[%emt 00:00:06]} Ke6 {[%clk 00:14:34]} {[%emt 00:00:01]} 66.
Qh5 {[%clk 00:15:09]} {[%emt 00:00:25]} Kd6 {[%clk 00:15:03]} {[%emt 00:00:04]}
67. Kf7 {[%clk 00:15:14]} {[%emt 00:00:25]} Kc6 {[%clk 00:13:48]} {[%emt
00:01:45]} 68. Ke7 {[%clk 00:15:34]} {[%emt 00:00:11]} Kb6 {[%clk 00:14:07]}
{[%emt 00:00:10]} 69. Kd7 {[%clk 00:15:58]} {[%emt 00:00:06]} Kb7 {[%clk
00:14:00]} {[%emt 00:00:37]} 70. Qb5+ {[%clk 00:16:21]} {[%emt 00:00:07]} 1-0